| 000 | 00778nam a2200229 a 4500 | ||
|---|---|---|---|
| 005 | 20240228064303.0 | ||
| 008 | 170621s2006 ag r 000 0 spa d | ||
| 020 | _a9505814380 (10 dígitos) | ||
| 020 | _a9789505814381 (13 dígitos) | ||
| 035 | _aUPN01000219034 | ||
| 049 | _aI | ||
| 050 | 4 |
_aBF698.35 P4.7 _bM6.5 |
|
| 100 | 1 |
_aMontes, Graciela, _d1947- _927926 |
|
| 245 | 1 | 3 |
_aEl club de los perfectos / _cGraciela Montes ; il. Eleonora Arroyo. |
| 260 |
_aBuenos Aires : _bColihue, _c2006. |
||
| 300 |
_a16 p. : _bil. |
||
| 440 | 0 | _aPajarito remendado | |
| 500 | _a"Primer premio Concurso de Ilustraciones del Pájarito Remendado 1988" | ||
| 650 | 2 |
_aPerfeccionismo (rasgo de la personalidad) _9213 |
|
| 650 | 4 |
_aLibros y lectura para niños _92290 |
|
| 905 | _aInfantil | ||
| 999 |
_c191134 _d191134 |
||